LEADER 01383nam a2200289 u 4500 001 000000119470 003 CaOOAMICUS 005 20100122135455.0 008 100122t2009 it adh u000 u ita u 020 $a978-88-89736-84-5 040 $aPUL$bita$dReb 041 1 $aita$hlat 100 1 $aGalilei, Galileo,$d1564-1642.$0(OLS)http://pul/name/2769 240 10$aSidereus nuncius.$lItaliano.$0(OLS)http://pul/title/3829 245 10$aSidereus Nuncius ovvero Avviso Sidereo /$cGalileo Galilei ; traduzione di Tiziana Bascelli ; introduzione e note di William Shea e Tiziana Bascelli. 260 $aVenezia :$bMarcianum Press,$c©2009. 300 $a179 p. :$bill., diagr., facs. ;$c21 cm 504 $aBibliografia p. [169]-175. 600 14$aGalilei, Galileo,$d1564-1642$tSidereus nuncius$xTraduzioni$xCommenti.$0(OLS)http://pul/subject/2328 700 1 $aShea, William R.$0(OLS)http://pul/name/65390 700 1 $aBascelli, Tiziana.$0(OLS)http://pul/name/74668 850 $aPUL 852 $aPUL$W1$xSL Cons. Gen., Altre Classi 3$y75$m509 GALGA 1$j137065$qDDC 21$B136132$CPULBib$Z2$F136132 $H112097 $82 941 1 $a9 996 $6020$a978-88-89736-84-5$9(OLS)http://pul/number/143083 996 $6245$aSidereus Nuncius ovvero Avviso Sidereo$9(OLS)http://pul/title/150305 996 $6260$aVenezia :$bMarcianum Press$9(OLS)http://pul/publisher/79046 LEADER 01605namaa2200325 i 4500 001 000000177622 003 CaOOAMICUS 005 20250328160552.0 007 tu 008 250325s2024 it m 000 u spa r 040 $aPUL$bita$erda 100 1 $aResentera, Diego Alejandro,$csacerdote,$d1973-,$eautore dissertazione.$0(OLS)http://pul/name/114266 245 10$aRaíces trinitarias de la "mística del nosotros" :$bsan Juan de la Cruz y Chiara Lubich /$cDiego Alejandro Resentera. 264 1$aRomae :$b[s.n.],$c[2024] 300 $a148 pagine ;$c24 cm 336 $atesto$btxt$2rdacontent 337 $asenza mediazione$bn$2rdamedia 338 $avolume$bnc$2rdacarrier 502 $aEstratto della Tesi di Dottorato congiunto Pontificia Universitas Lateranensis, Istituto Universitario Sophia, 2024. 504 $aBibliografia: pagine [117]-148. 600 14$aLubich, Chiara,$d1920-2008.$0(OLS)http://pul/subject/1557 650 4$aMistica$xStudi.$0(OLS)http://pul/subject/39748 710 2 $aPontificia Università Lateranense.$bFacoltà di Teologia$kTesi.$0(OLS)http://pul/name/81775 850 $aPUL 852 $aPUL$W1$xDP1 Tesi Pon Univ. Lateranense$y41$m2024 B 7$j201097$qTesi$B206597$CPULBib$Z2$F206597 $Hnull $82 910 $aPontificia Università Lateranense.$bFacoltà di sacra teologia.$kTesi$981775 941 1 $a16 996 $6245$aRaíces trinitarias de la "mística del nosotros" :$bsan Juan de la Cruz y Chiara Lubich$9(OLS)http://pul/title/219165 996 $6264$aRomae :$b[s.n.]$9(OLS)http://pul/publisher/48223